logo

Bir Sreshtho Munshi Abdur Rouf Library
Jhenaidah Cadet College

Dynamics / (Record no. 7328)

MARC details
000 -LEADER
fixed length control field 00674nam a22002658 4500
001 - CONTROL NUMBER
JCCL Control Number 7328
003 - CONTROL NUMBER IDENTIFIER
JCCL marc code BD - JhCC
005 - DATE AND TIME OF LATEST TRANSACTION
control field 20180519104234.0
008 - FIXED-LENGTH DATA ELEMENTS--GENERAL INFORMATION
fixed length control field 730710s1974 nyu 001 0 eng
035 ## - SYSTEM CONTROL NUMBER
system control number (BD - JhCC)7328
035 ## - SYSTEM CONTROL NUMBER
system control number (OCoLC)00673377
035 ## - SYSTEM CONTROL NUMBER
system control number GLIS00003232
040 ## - CATALOGING SOURCE
Original cataloging agency DLC
Transcribing agency DLC
Modifying agency MYG
-- BD - JhCC
041 ## - LANGUAGE CODE
Language code of Book eng
050 0# - LIBRARY OF CONGRESS CALL NUMBER
Classification number QA845
Item number .S8
082 ## - DEWEY DECIMAL CLASSIFICATION NUMBER
Author mark and Year RAM 1974
Classification number 531.11
099 ## - LOCAL FREE-TEXT CALL NUMBER
Classification number QA845.S8
100 1# - MAIN ENTRY--PERSONAL NAME
Personal name Ramsey, A. S.
Fuller form of name Arthur Stanley
245 10 - TITLE STATEMENT
Title Dynamics /
Statement of responsibility, etc A. S. Ramsey
260 ## - PUBLICATION, DISTRIBUTION, ETC. (IMPRINT)
Place of publication, distribution, etc New York,
Name of publisher, distributor, etc Wiley
Date of publication, distribution, etc [1974]
300 ## - PHYSICAL DESCRIPTION
Pagination 343 p. :
Dimensions 24 cm.
650 #0 - SUBJECT ADDED ENTRY--TOPICAL TERM
Topical term or geographic name as entry element Dynamics.
942 ## - ADDED ENTRY ELEMENTS (KOHA)
Source of classification or shelving scheme Dewey Decimal Classification
Koha item type Books
Holdings
Source of classification or shelving scheme Damaged status Not for loan Home library Current library Shelving location Date of accession Total Checkouts Full call number Barcode Date last seen Date checked out Copy number Koha item type
Dewey Decimal Classification     JCC Rouf Library JCC Rouf Library General Stacks 10/21/2024 1 531.11 SUD 1974 9933 10/23/2024 10/21/2024 C-1 Books

JCC Library | Contacts | JCC Home

Last Update on 23 September 2017
Copyright @ 2017-2020 JCC Rouf Library
Rouf Library, Jhenidah Cadet College (JCC), Bangladesh